Manual de orientaciones para la interpretación de resultados.

Сохранить в:
Библиографические подробности
Соавтор: Sistema de Medición de Calidad de la Educación (SIMCE)
Формат:
Язык:испанский
Предметы:
Метки: Добавить метку
Нет меток, Требуется 1-ая метка записи!

MARC

LEADER 00000cam^a2200000uu^4500
001 000483100
005 20250521000000.0
008 050901s1994^^^^^^^^^^^^rd^r^^000^0^spa^d
009 20260310125103.311
035 |a FCE 000026150 
035 |a FCE 017231 
037 |a Acervo ITESO - Biblioteca 
041 |a spa 
082 0 4 |a 370.1183  |b SIMm 
110 |a Sistema de Medición de Calidad de la Educación (SIMCE),  |c Chile 
245 1 0 |a Manual de orientaciones para la interpretación de resultados. 
264 |a Santiago de Chile :  |b Ministerio de Educación,  |c 1994. 
300 |a 120 p. 
336 |a texto  |b txt  |2 rdacontenido 
337 |a sin mediación  |b n  |2 rdamedio 
338 |a volumen  |b nc  |2 rdasoporte 
649 |a XX 
650 |a Educación media 
650 |a Objetivo educativo 
650 |a Medición 
650 |a Evaluación del alumno 
650 |a Instrumentos de medición 
650 |a Resultados de pruebas 
650 |a Calidad de la educación 
650 |a Chile 
910 |a Fondo Centro de Estudios Educativos 
920 |a Impresos - Libros 
930 |a Fondos Especiales 
905 |a 133 
901 |a ALE017231  |b IT2  |c CEE  |u 20250521 
902 |a https://opac.biblio.iteso.mx/vufind/Record/000483100